Statistics for Largest Divided Islands

Click here to take the quiz!

General Stats

  • This quiz has been taken 41 times
  • The average score is 5 of 10

Answer Stats

Sq KmAnswer% Correct
785,753New Guinea
90%
748,168Borneo
90%
81,638Ireland
85%
76,192Hispaniola
85%
9,234Cyprus
76%
28,418Timor
66%
47,992Tierra Del Fuego
27%
445Usedom
10%
655Dall Island
2%
452Sebatik Island
2%

Score Distribution

Percentile by Number Answered

Percent of People with Each Score

Your Score History

You have not taken this quiz